Catálogo
 En Linea

Manual de siembra de peces en estanques de aguas dulces. (Registro nro. 36968)

Detalles MARC
000 -CABECERA
campo de control de longitud fija 00423nam a2200121 a 4500
001 - NÚMERO DE CONTROL
campo de control 000037478
005 - FECHA Y HORA DE LA ÚLTIMA TRANSACCIÓN
campo de control 20200930080404.0
008 - DATOS DE LONGITUD FIJA--INFORMACIÓN GENERAL
campo de control de longitud fija 120420s20uu pn 000 0 spa d
040 ## - FUENTE DE LA CATALOGACIÓN
Centro catalogador/agencia de origen DO-SdBNP
Lengua de catalogación spa
Centro/agencia transcriptor BNPHU
245 00 - MENCIÓN DE TÍTULO
Título Manual de siembra de peces en estanques de aguas dulces.
260 ## - PUBLICACIÓN, DISTRIBUCIÓN, ETC.
Lugar de publicación, distribución, etc. Santiago de Veraguas, Panama :
Nombre del editor, distribuidor, etc. Centro de Documentación e Información de Acuicultura,
Fecha de publicación, distribución, etc. [200?].
300 ## - DESCRIPCIÓN FÍSICA
Extensión [16] p. :
Otras características físicas il. ;
Dimensiones 22 cm.
Existencias
Estado de retiro Estado de pérdida Restricciones de uso No para préstamo Código de colección Localización permanente Ubicación/localización actual Ubicación en estantería Fecha de adquisición Número de inventario Total de préstamos Signatura topográfica completa Código de barras Fecha visto por última vez Precio válido a partir de Tipo de ítem Koha
        Monografías: Libros y Folletos General General Orden iniciada 20.04.2012 LF1   37478-10 25.06.2020 25.06.2020 No se presta
        Monografías: Libros y Folletos Patrimonio Dominicano Patrimonio Dominicano Orden iniciada 20.04.2012 LF1   37479-10 25.06.2020 25.06.2020 No se presta

Con tecnología Koha